Plan de acción del sistema regional de áreas protegidas del caribe colombiano (Registro nro. 20121)
[ vista simple ]
| 000 -CABECERA | |
|---|---|
| Campo de control | 00549nam a22001817a 4500 |
| 005 - FECHA Y HORA DE LA ULTIMA TRANSACCION | |
| Campo de control | 20180322150717.0 |
| 008 - ELEMENTOS DE LONGITUD FIJA—INFORMACION GENERAL | |
| Campo de control | 180322b ck ||||| |||| 00| 0 spa d |
| 020 ## - ISBN | |
| ISBN | 9789589855225 |
| 040 ## - FUENTE DE CATALOGACIÓN | |
| Agencia catalogadora original | CO-BoIAVH |
| Agencia transcriptora | CO-BoIAVH |
| 041 ## - IDIOMA | |
| Código de idioma para texto/pista de sonido o título separado | Español |
| 044 ## - PAÍS DE PUBLICACIÓN | |
| País de publicación | Colombia |
| 090 ## - CLASIFICACIÓN LOCAL | |
| Colección | FG- |
| Consecutivo | 0262 |
| 100 1# - ASIENTO PRINCIPAL--NOMBRE PERSONAL | |
| Nombre personal | Calero Hernández, Luis Alberto |
| Término relacionado | autor |
| 9 (RLIN) | 90693 |
| 245 00 - MENCION DE TITULO | |
| Título | Plan de acción del sistema regional de áreas protegidas del caribe colombiano |
| 260 ## - PUBLICACION, DISTRIBUCION, ETC. (PIE DE IMPRENTA) | |
| Lugar de publicación, distribución, etc. | : |
| Nombre del editor, distribuidor, etc. | Sirap Caribe, |
| Fecha de publicación, distribución, etc. | 2010. |
| 300 ## - DESCRIPCION FISICA | |
| Extensión | 46 páginas, |
| Otros detalles físicos | fotografías a color, |
| 942 ## - ELEMENTOS ADICIONALES (KOHA) | |
| Sistema de clasificación | Local |
| Tipo de ítem | Folleto |
| Withdrawn status | Lost status | Sistema de Clasificación | Damaged status | No para préstamo | Colección | Ubicación Permanente | Ubicación actual | Fecha de adquisición | Total Checkouts | Número topográfico | Inventario / Código de Barras | Date last seen | Ejemplar | Price effective from | Forma de adquisición | Tipo de material |
|---|---|---|---|---|---|---|---|---|---|---|---|---|---|---|---|---|
| Local | Hemeroteca | Bogotá | Bogotá | 22/03/2018 | FG-0262 | 043530 | 22/03/2018 | Ej. 1 | 22/03/2018 | Canje | Folleto |